| 000 | 00813cam a22002531 4500 | ||
|---|---|---|---|
| 001 | 1069 | ||
| 003 | BD-RjUL | ||
| 005 | 20211208233254.0 | ||
| 008 | 131128r19551938nyu b 001 0 eng d | ||
| 035 | _a(BD-RjUL)1091 | ||
| 040 |
_aDLC _cDLC _dDLC _dBD-RjUL _beng |
||
| 041 | _aeng | ||
| 082 | 0 | 0 |
_a109 _216 _bGIU |
| 100 | 1 |
_aGilson, Etienne, _d1884-1978. _93154 |
|
| 245 | 1 | 4 |
_aThe unity of philosophical experience / _cby Etienne Gilson |
| 260 |
_aNew York : _bC. Scribner's sons, _c1938 [Reprinted 1955]. |
||
| 300 |
_axii, 339 p. ; _c21 cm. |
||
| 500 | _a"Lectures ... given at Harvard university in the first half of the academic year 1936-37."--Foreword. | ||
| 504 | _aBibliography: p. 321-324. | ||
| 650 | 0 |
_aPhilosophy _xHistory. _93155 |
|
| 942 |
_2ddc _cBK |
||
| 999 |
_c1069 _d1069 |
||